Αρχεία της ελληνικής παλιγγενεσίας 1821-1832 : "λυτά έγγραφα" Β' και Γ' βουλευτικής περιόδου
Αποθηκεύτηκε σε:
| Μορφή: | Βιβλίο |
|---|---|
| Γλώσσα: | Greek |
| Δημοσίευση: |
Αθήναι :
Εκδοσις Βιβλιοθήκης της Βουλής των Ελλήνων εκ του Εθνικού Τυπογραφίου,
2000
|
| Σειρά: | Αρχεία της Ελληνικής Παλιγγενεσίας ;
; 18 |
| Θέματα: | |
| Ετικέτες: |
Προσθήκη ετικέτας
Δεν υπάρχουν, Καταχωρήστε ετικέτα πρώτοι!
|
MARC
| LEADER | 00000cam a2200000 i 4500 | ||
|---|---|---|---|
| 001 | 1/19689 | ||
| 008 | 010612s2000 gre d | ||
| 035 | |l 10066944 | ||
| 040 | |a GR-MY-UA |b gre |e aacr | ||
| 041 | 0 | |a gre | |
| 082 | 0 | |a 938.501 | |
| 245 | 1 | 0 | |a Αρχεία της ελληνικής παλιγγενεσίας 1821-1832 : |b "λυτά έγγραφα" Β' και Γ' βουλευτικής περιόδου |
| 260 | |a Αθήναι : |b Εκδοσις Βιβλιοθήκης της Βουλής των Ελλήνων εκ του Εθνικού Τυπογραφίου, |c 2000 | ||
| 300 | |a ... τ. | ||
| 490 | 1 | |a Αρχεία της Ελληνικής Παλιγγεννεσίας |v ; 18 | |
| 500 | |a Περιέχει ευρετήριο | ||
| 651 | 0 | |a Greece |x History |y War of Independence, 1821-1829 |x Sources. | |
| 830 | 0 | |a Αρχεία της Ελληνικής Παλιγγενεσίας ; |v ; 18 | |
| 852 | |a INST |b RHODES |e 20010612 |h 938.501 ΑΡΧ |p 005400016926 |q 005400016926 |t BK |y 0 | ||
| 901 | |a BIBL4-2001-2 | ||
| 909 | |a Ρ |b 085041 | ||
| 922 | |a 4ΔΩΡ |b 200004 |c ΔΩΡΕΑ | ||
| 970 | |a ΚΟΥΛΑΚΙΟΤΗ |b ΛΙΤΣΑ |z 2000/06/14 | ||